[Event "Lleida Christmas op"]
[Site "Lleida"]
[Date "2022.12.29"]
[Round "6"]
[White "Marti Trilla, Aleix"]
[Black "Codina Garcia, Jose"]
[Result "0-1"]
[WhiteElo "1719"]
[BlackElo "1847"]
[PlyCount "74"]
[EventDate "2022.12.27"]
[EventType "swiss"]
[EventRounds "8"]
[EventCountry "ESP"]
[SourceTitle "CBM 212 Extra"]
[Source "ChessBase"]
[SourceDate "2023.03.31"]
[SourceVersion "1"]
[SourceVersionDate "2023.03.31"]
[SourceQuality "1"]

1. e4 e6 2. Qe2 Nc6 3. Nf3 e5 4. c3 Qe7 5. d4 exd4 6. cxd4 d5 7. Nc3 dxe4 8. Nd5 Qd8 9. Qxe4+ Nge7 10. Ne3 Qd6 11. Bd2 Be6 12. Bc4 Bxc4 13. Nxc4 Qd5 14. Qxd5 Nxd5 15. Nce5 Nce7 16. Rc1 f6 17. Nd3 b6 18. 0-0 Kd7 19. Rc2 c6 20. Rfc1 Rc8 21. b4 Rc7 22. Nf4 Nxf4 23. Bxf4 Rc8 24. b5 g5 25. bxc6+ Rxc6 26. Rxc6 Nxc6 27. d5 gxf4 28. dxc6+ Kc7 29. Nd4 Bc5 30. Ne6+ Kxc6 31. Kf1 Re8 32. Nxf4 Re4 33. Nh5 Rh4 34. Nxf6 Rf4 35. Nxh7 Rxf2+ 36. Ke1 Rxg2 37. Rc4 Rxh2 0-1

[Event "Vallfogona rapid op 25th"]
[Site "Vallfogona de Balaguer"]
[Date "2017.09.17"]
[Round "1"]
[White "Vidarte Morales, Arturo"]
[Black "Marti Trilla, Aleix"]
[Result "1-0"]
[WhiteElo "2336"]
[BlackElo "1669"]
[PlyCount "83"]
[EventDate "2017.09.17"]
[EventType "swiss (rapid)"]
[EventRounds "9"]
[EventCountry "ESP"]
[SourceTitle "CBM 180 Extra"]
[Source "ChessBase"]
[SourceDate "2017.10.06"]
[SourceVersion "1"]
[SourceVersionDate "2017.10.06"]
[SourceQuality "1"]

1. c4 Nf6 2. Nc3 c6 3. Nf3 d5 4. e3 e6 5. d4 Nbd7 6. Qc2 Be7 7. Bd3 dxc4 8. Bxc4 0-0 9. 0-0 b5 10. Bd3 Bb7 11. a3 a6 12. b4 a5 13. Rb1 axb4 14. axb4 Nb6 15. Bd2 Qd7 16. Ne5 Qe8 17. Rfc1 Rc8 18. Ne4 Nbd5 19. Nc5 Bxc5 20. bxc5 Ra8 21. e4 Ne7 22. Nf3 Ng6 23. h4 e5 24. Bg5 Nh5 25. d5 Nhf4 26. d6 f6 27. Bxf4 Nxf4 28. Bf1 Bc8 29. Ra1 Be6 30. g3 Ng6 31. Qc3 Qd7 32. Nd2 Ra7 33. Rxa7 Qxa7 34. Ra1 Qb7 35. Qa5 Rc8 36. Qa7 Qd7 37. Qxd7 Bxd7 38. Ra7 Nf8 39. Kh2 Be6 40. Rc7 Rxc7 41. dxc7 Nd7 42. c8Q+ 1-0

[Event "Balaguer op 17th"]
[Site "Balaguer"]
[Date "2012.06.24"]
[Round "9"]
[White "Montoliu Daroca, Imma"]
[Black "Marti Trilla, Aleix"]
[Result "1-0"]
[WhiteElo "1803"]
[BlackElo "1378"]
[PlyCount "85"]
[EventDate "2012.06.16"]
[EventType "swiss"]
[EventRounds "9"]
[EventCountry "ESP"]
[SourceTitle "EXT 2013"]
[Source "ChessBase"]
[SourceDate "2012.11.22"]
[SourceVersion "1"]
[SourceVersionDate "2012.11.22"]
[SourceQuality "1"]

1. c4 e5 2. Nc3 Nf6 3. g3 d5 4. cxd5 Nxd5 5. Bg2 Be6 6. e3 Nc6 7. Nge2 Be7 8. 0-0 0-0 9. h3 Qd7 10. Kh2 Rad8 11. a3 a5 12. d4 exd4 13. Nxd4 Nxd4 14. Qxd4 Bf6 15. Qd2 Nxc3 16. Qxd7 Rxd7 17. bxc3 Bxc3 18. Rb1 b6 19. Bb2 Bxb2 20. Rxb2 Rd6 21. Rc1 c5 22. Rcb1 Rb8 23. Rb5 Bc4 24. Rxc5 Bd3 25. Rb2 b5 26. a4 Rdb6 27. axb5 Rxb5 28. Rcxb5 Rxb5 29. Rd2 Rb3 30. Be4 h6 31. Rxd3 Rxd3 32. Bxd3 f6 33. Bb5 Kf8 34. Kg2 Ke7 35. Kf3 Kd6 36. Ke4 Kc5 37. Be8 Kd6 38. f4 g5 39. Kf5 Ke7 40. Ba4 gxf4 41. exf4 Kf7 42. g4 Kg7 43. Bb3 1-0

[Event "Balaguer op 17th"]
[Site "Balaguer"]
[Date "2012.06.23"]
[Round "8"]
[White "Marti Trilla, Aleix"]
[Black "Vladimirov Savov, Tsanco"]
[Result "1-0"]
[WhiteElo "1378"]
[BlackElo "1737"]
[PlyCount "101"]
[EventDate "2012.06.16"]
[EventType "swiss"]
[EventRounds "9"]
[EventCountry "ESP"]
[SourceTitle "EXT 2013"]
[Source "ChessBase"]
[SourceDate "2012.11.22"]
[SourceVersion "1"]
[SourceVersionDate "2012.11.22"]
[SourceQuality "1"]

1. e4 e5 2. Nf3 Nc6 3. Bc4 Nf6 4. d3 Bc5 5. Bg5 h6 6. Bh4 g5 7. Bg3 d6 8. h3 Be6 9. Bxe6 fxe6 10. c3 Qe7 11. Qe2 0-0-0 12. 0-0 g4 13. Nh4 Rdg8 14. hxg4 Rxg4 15. Kh2 Rhg8 16. Kh3 Nh5 17. Qxg4 Rxg4 18. Kxg4 Qg5+ 19. Kh3 Ne7 20. Nf3 Qg6 21. Nbd2 Nxg3 22. fxg3 Qh5+ 23. Nh4 Ng6 24. Ndf3 Be3 25. Rae1 Nxh4 26. Nxh4 Bg5 27. Rf3 c6 28. Ref1 d5 29. exd5 cxd5 30. Re1 Kd7 31. Rxe5 Kd6 32. d4 a6 33. Rf6 Qd1 34. Rfxe6+ Kd7 35. Rg6 h5 36. Rxd5+ Ke7 37. Nf3 Bf6 38. Rxh5 Kf7 39. Rgh6 Bg7 40. Ng5+ Ke8 41. Rh7 Qh1+ 42. Kg4 Qd1+ 43. Nf3 Bf8 44. Re5+ Kd8 45. Rf7 Qd3 46. Rxf8+ Kd7 47. Rh5 Qe4+ 48. Kh3 Qb1 49. Rf7+ Ke8 50. Rxb7 Qh1+ 51. Nh2 1-0

[Event "Balaguer op 17th"]
[Site "Balaguer"]
[Date "2012.06.19"]
[Round "4"]
[White "Marti Trilla, Aleix"]
[Black "Sole Pijuan, Ferran"]
[Result "1/2-1/2"]
[WhiteElo "1378"]
[BlackElo "1539"]
[PlyCount "87"]
[EventDate "2012.06.16"]
[EventType "swiss"]
[EventRounds "9"]
[EventCountry "ESP"]
[SourceTitle "EXT 2013"]
[Source "ChessBase"]
[SourceDate "2012.11.22"]
[SourceVersion "1"]
[SourceVersionDate "2012.11.22"]
[SourceQuality "1"]

1. e4 e5 2. Nf3 Nc6 3. Bc4 Bc5 4. c3 Nf6 5. d3 d6 6. h3 h6 7. 0-0 0-0 8. Re1 Re8 9. Nbd2 Qe7 10. Nf1 Be6 11. Bb3 Rad8 12. Ng3 Qd7 13. Be3 Bxe3 14. Rxe3 b6 15. d4 Bxb3 16. axb3 exd4 17. Nxd4 d5 18. Nxc6 Qxc6 19. exd5 Rxd5 20. Rxe8+ Qxe8 21. Qe2 Qxe2 22. Nxe2 a5 23. Nd4 c5 24. Nf3 Rd8 25. Re1 Re8 26. Rxe8+ Nxe8 27. Ne5 Nd6 28. Nd7 Nc8 29. Ne5 f6 30. Nc4 Kf7 31. Kf1 Ke6 32. Ke2 g5 33. Ke3 f5 34. f4 Kd5 35. g4 Ke6 36. fxg5 hxg5 37. gxf5+ Kxf5 38. Kf3 Kg6 39. Ke4 Kh5 40. Kf3 Kh4 41. Kg2 g4 42. hxg4 Kxg4 43. Kf2 Kf4 44. Ke2 1/2-1/2

[Event "Bellpuig op 2nd"]
[Site "Bellpuig"]
[Date "2012.02.11"]
[Round "5"]
[White "Fontanet Llobera, Josep"]
[Black "Marti Trilla, Aleix"]
[Result "1/2-1/2"]
[WhiteElo "1756"]
[BlackElo "1492"]
[PlyCount "95"]
[EventDate "2012.01.14"]
[EventType "swiss"]
[EventRounds "8"]
[EventCountry "ESP"]
[SourceTitle "EXT 2014"]
[Source "ChessBase"]
[SourceDate "2013.11.20"]
[SourceVersion "1"]
[SourceVersionDate "2013.11.20"]
[SourceQuality "1"]

1. Nf3 d5 2. d4 Nf6 3. Bf4 Nbd7 4. h3 e6 5. e3 c5 6. c3 a6 7. Be2 Be7 8. 0-0 0-0 9. Nbd2 b5 10. Qc2 Bb7 11. Rfe1 Qb6 12. g4 Rfc8 13. Rac1 cxd4 14. exd4 b4 15. Bd3 bxc3 16. bxc3 Bb4 17. Qb3 Ba5 18. Qxb6 Bxb6 19. Ne5 Nxe5 20. Bxe5 Ba5 21. g5 Nd7 22. Rb1 Bxc3 23. Rxb7 Bxd2 24. Re2 Nxe5 25. Rxe5 Bc3 26. Re3 Bxd4 27. Rf3 f6 28. h4 fxg5 29. hxg5 Rf8 30. Be2 Rxf3 31. Bxf3 Rf8 32. Kg2 Rf5 33. g6 hxg6 34. Rb4 Bc3 35. Rb3 d4 36. Rb6 Ra5 37. Rxe6 Rxa2 38. Rxg6 Kh7 39. Rd6 a5 40. Be4+ g6 41. Rxg6 a4 42. Ra6+ Kg7 43. Rg6+ Kf8 44. Ra6 a3 45. Bd5 Ra1 46. Bc4 Bb2 47. Kf3 Rc1 48. Bd3 1/2-1/2

[Event "Lleida-ch U12"]
[Site "Vilanova de Segria"]
[Date "2012.01.28"]
[Round "6.3"]
[White "Costa Esteve, Ricard"]
[Black "Marti Trilla, Aleix"]
[Result "0-1"]
[WhiteElo "1700"]
[BlackElo "1777"]
[PlyCount "32"]
[EventDate "2012.01.14"]
[EventType "swiss"]
[EventRounds "6"]
[EventCountry "ESP"]
[SourceTitle "EXT 2024"]
[Source "ChessBase"]
[SourceDate "2023.10.10"]
[SourceVersion "1"]
[SourceVersionDate "2023.10.10"]
[SourceQuality "1"]

1. d4 d5 2. e3 Nf6 3. Bd3 Nc6 4. Ne2 Bd7 5. Ng3 e6 6. 0-0 Bd6 7. Bd2 0-0 8. Nh5 h6 9. Nxf6+ Qxf6 10. Qe2 Rfe8 11. c3 e5 12. Bc2 exd4 13. exd4 Rxe2 14. Re1 Qxf2+ 15. Kh1 Rxe1+ 16. Bxe1 Qxe1# 0-1

[Event "Lleida-ch U12"]
[Site "Vilanova de Segria"]
[Date "2012.01.28"]
[Round "5.1"]
[White "Marti Trilla, Aleix"]
[Black "Sole Pijuan, Ferran"]
[Result "0-1"]
[WhiteElo "1777"]
[BlackElo "1846"]
[PlyCount "70"]
[EventDate "2012.01.14"]
[EventType "swiss"]
[EventRounds "6"]
[EventCountry "ESP"]
[SourceTitle "EXT 2024"]
[Source "ChessBase"]
[SourceDate "2023.10.10"]
[SourceVersion "1"]
[SourceVersionDate "2023.10.10"]
[SourceQuality "1"]

1. e4 e5 2. Nf3 Nc6 3. Bc4 Bc5 4. 0-0 Nf6 5. d3 h6 6. c3 d6 7. h3 0-0 8. Re1 Re8 9. Be3 Bb6 10. Bxb6 axb6 11. a3 Be6 12. Bxe6 Rxe6 13. Nbd2 d5 14. exd5 Qxd5 15. Nb3 Qd7 16. Qc2 Rae8 17. Rad1 Na5 18. Nxa5 bxa5 19. d4 exd4 20. Rxe6 Rxe6 21. Nxd4 Rd6 22. Re1 c5 23. Nf3 Rb6 24. Ne5 Qe7 25. Nd3 Qc7 26. c4 Rd6 27. Qe2 b6 28. Qf3 Qd8 29. Re3 Rd4 30. Ne5 Rd1+ 31. Kh2 Rd2 32. Qb7 Nd7 33. Nxd7 Rxd7 34. Qf3 Qc7+ 35. Re5 Qxe5+ 0-1

[Event "Lleida-ch U12"]
[Site "Vilanova de Segria"]
[Date "2012.01.14"]
[Round "2.3"]
[White "Monyarch Iniguez, Guillem"]
[Black "Marti Trilla, Aleix"]
[Result "0-1"]
[WhiteElo "1702"]
[BlackElo "1777"]
[PlyCount "80"]
[EventDate "2012.01.14"]
[EventType "swiss"]
[EventRounds "6"]
[EventCountry "ESP"]
[SourceTitle "EXT 2024"]
[Source "ChessBase"]
[SourceDate "2023.10.10"]
[SourceVersion "1"]
[SourceVersionDate "2023.10.10"]
[SourceQuality "1"]

1. d4 d5 2. c4 e6 3. Nc3 Nf6 4. Bg5 Be7 5. Nf3 0-0 6. e3 c6 7. Be2 Nbd7 8. 0-0 b6 9. c5 bxc5 10. Qd3 cxd4 11. Nxd4 c5 12. Nc6 Qe8 13. Nxe7+ Qxe7 14. Bd1 h6 15. Bh4 g5 16. Bg3 Bb7 17. Nb5 e5 18. f4 e4 19. Qc3 a6 20. Nc7 Rac8 21. fxg5 hxg5 22. Nxd5 Bxd5 23. Rf5 Ne8 24. Bg4 Ng7 25. Rxd5 Rfd8 26. Bxd7 Rxd7 27. Rad1 Rxd5 28. Rxd5 f6 29. Bd6 Qe6 30. Bxc5 Qxd5 31. Qa5 Rxc5 32. Qxa6 Rc1+ 33. Kf2 Rc2+ 34. Kg3 Qe5+ 35. Kh3 g4+ 36. Kh4 Qh5+ 37. Kg3 Qf5 38. Qa8+ Kh7 39. Qf8 Nh5+ 40. Kh4 Qg5# 0-1